Pays par Révolutions et Rébellions - Statistiques

Statistiques générales
  • Ce quiz a été pris 7 844 fois
  • Le résultat moyen est 8 sur 18
Statistiques - réponses
Révolte Date Pays % Correct
Vêpres siciliennes 1282 Italie
96%
Boston Tea Party 1772 États-Unis
91%
Trois Glorieuses 1830 France
87%
Révolution d'Octobre 1917 Russie
72%
Révolution des Khmers Rouges 1975 Cambodge
68%
Première Intifada 1987-1993 Israël / Palestine
54%
Rébellion de Satsuma 1877 Japon
49%
Révolution des Œillets 1974 Portugal
47%
Rébellion du Darfour 2003 Soudan
42%
Guerre du Rif 1925-1927 Maroc
41%
Révolte de Tupác Amaru 1572 Pérou
34%
Révolte des Boxers 1899-1901 Chine
29%
Révolution orange 2004 Ukraine
27%
Pâques sanglantes 1916 Irlande
23%
Révolution de velours 1989 Tchéquie / Slovaquie
21%
Révolution chantante 1989-1991 Estonie / Lettonie / Lituanie
12%
Révolution des Roses 2003 Géorgie
10%
Révolution des Tulipes 2005 Kirghizistan
5%
Aucun quiz correspondant
Distribution des résultats
% des personnes avec chaque résultat
Percentile par nombre de réponses
Votre historique - résultats
Vous n’avez pas pris ce quiz